000 00300nam a22001337a 4500
008 170614b xxu||||| |||| 00| 0 eng d
020 _a9780134732084
041 _aeng
080 _26 ED
_a327
100 _a19
101 _aSHP
245 _aINTRENATIONAL POLITICS
_cHOLSTI.K.J
942 _2udc
_cBK
999 _c17306
_d17306